Espriu : i looked upon this land i looked upon this land
Descripción Física:
39 p. : il. ; 15 cm
Materias:
Espriu, Salvador -- Exposicions
MARC
| LEADER | 00000nam a2200000Ia 4500 | ||
|---|---|---|---|
| 001 | 23928 | ||
| 008 | 160829s2013 xx 000 0 cat d | ||
| 080 | |a FU-62-91 | ||
| 245 | |a Espriu : |b i looked upon this land | ||
| 260 | |a Barcelona : |b CCCB : |b Generalitat de Catalunya. Departament de Cultura, |c 2013 | ||
| 300 | |a 39 p. : |b il. ; |c 15 cm | ||
| 590 | |a Text en anglès. Hi ha un altre exemplar en castellà amb el R. 23927 i en català amb el R. 23929 | ||
| 650 | |a Espriu, Salvador |x Exposicions |9 49771 | ||
| 710 | 2 | |a Catalunya. |b Departament de Cultura |9 52819 | |
| 710 | 2 | |a Centre de Cultura Contemporània de Barcelona |9 52510 | |
| 710 | 1 | |a Barcelona (Catalunya : Província). |b Diputació |9 52408 | |
| 901 | |a Arxiu | ||
| 942 | |n 1 | ||
| 952 | |0 0 |1 0 |4 0 |6 FU6291 |7 1 |9 55587 |a Arxiu |b Arxiu |d 2016-12-01 |l 0 |o FU-62-91 |p 23928 |r 2016-12-01 00:00:00 |w 2016-12-01 |y ARXIU | ||
| 999 | |c 59460 |d 59460 | ||